Datum a čas kvízu
29
Celkem bodů
Celkový počet nahraných bodů na tomto kvízu bez doplňovacích otázek.
1.
Pořadí na kvízu
Konečné umístění týmu na tomto kvízu.
Zaznamenané odpovědi
| # | Otázka | Odpověď | Body | Výsledky |
|---|---|---|---|---|
| 1. | Příslušníci jisté profese se v... | popeláři | 0 | |
| 2. | Která velká evropská země schv... | Francie | 1 | |
| 3. | Lístek na premiéru tohoto film... | Melania | 1 | |
| 4. | Minulý týden se v českých médi... | mobilní telefony | 1 | |
| 5. | Mistry republiky 2026 se o vík... | A | 1 | |
| 6. | Na obrázku níže můžete vidět d... | Drákula a Frankenstein | 0.5 | |
| 7. | Co by to bylo za hororové téma... | D | 0 | |
| 8. | Ze které (převážně videoherní)... | Resident Evil | 0 | |
| 9. | Přiřaďte herce a herečky k jej... | 1B 2D 3A 4C | 0 | |
| 10. | Čím je inspirován česko-americ... | D | 0 |